El model de cooperació local de la Diputació de Barcelona : pla de cooperació Xarxa de Governs Locals 2024-2027 : síntesi pla de cooperació Xarxa de Governs Locals 2024-2027 : síntesi
Descripción Física:
19 pàgines : il·lustracions en color, gràfics ; 30 cm
Idioma:
Catalán
MARC
| LEADER | 00000nam a2200000 a 4500 | ||
|---|---|---|---|
| 001 | 29304 | ||
| 003 | AGDB | ||
| 005 | 20260324181546.0 | ||
| 008 | 260202b spa||||| |||| 00| 0 cat d | ||
| 017 | |a B 7389-2025 | ||
| 041 | |a cat | ||
| 245 | |a El model de cooperació local de la Diputació de Barcelona : |b pla de cooperació Xarxa de Governs Locals 2024-2027 : síntesi | ||
| 260 | |a Barcelona : |b Diputació de Barcelona, |c 2025 | ||
| 300 | |a 19 pàgines : |b il·lustracions en color, gràfics ; |c 30 cm | ||
| 710 | |a Barcelona (Catalunya : Província). |b Àrea de Presidència |9 52558 | ||
| 710 | |a Barcelona (Catalunya : Província). |b Coordinació de Cooperació i Assistència Local |9 70605 |e coordinació | ||
| 942 | |2 udc |c ARXIU |n 1 | ||
| 952 | |0 0 |1 0 |2 udc |4 0 |6 FU7892 |7 1 |9 99044 |a Arxiu |b Arxiu |d 2026-02-02 |l 0 |o FU-78-92 |p 29304 |r 2026-02-02 12:14:38 |w 2026-02-02 |y ARXIU | ||
| 999 | |c 130700 |d 130700 | ||